| 000 | 00000nam##2200000za#4500 |
| 001 | 9.663198 |
| 003 | CaOODSP |
| 005 | 20210615120934 |
| 007 | ta |
| 008 | 150407|2001||||xxc||||| f|0| 0 fre|d |
| 040 | |aCaOODSP|bfre |
| 041 | |aeng |
| 041 | |afre |
| 043 | |an-cn--- |
| 086 | 1 |aH114-7/2001 |
| 110 | 1 |aCanada.|bSanté Canada. |bAgence de réglementation de la lutte antiparasitaire. |
| 245 | 10|aAffichage aux aires de recherche : |binformation à l'intention des collaborateurs fournie par l'Agence de réglementation de la lutte antiparasitaire |
| 260 | |aOttawa - Ontario : |bSanté Canada. |c2001. |
| 300 | |aTexte français, 2p. ; |c22 cm. |
| 546 | |aBilingue |
| 563 | |aCouverture souple |
| 590 | |a01-41|b2001-10-12 |
| 691 | 07|aPesticide|2gcpds |
| 776 | 0#|tAffichage aux aires de recherche : |w(CaOODSP)9.639669 |
| 776 | 0#|tCooperator information from the Pest Management Regulatory Agency on posting of research areas |w(CaOODSP)9.695538 |
| 791 | |tCooperator information from the Pest Management Regulatory Agency on posting of research areas : |eeng|w(CaOODSP)9.663197 |